Az átöröklés és nemzeti nevelés

Elmentve itt :
Bibliográfiai részletek
Szerző: Kozáry Gyula
Adatforrás:Philobibl
Forrásdokumentuma:Bölcseleti Folyóirat
20.1905. p.199-320.
Dokumentumtípus: Cikk
Nyelv:magyar
LEADER 00293nab a2200097 c 4500
001 bibPHI0032579
005 20200924123040.9
008 080925s1905 hu hun
100 1 |a Kozáry Gyula 
245 1 3 |a Az átöröklés és nemzeti nevelés  |c Kozáry Gyula 
773 0 |t Bölcseleti Folyóirat  |g 20.1905. p.199-320.